Destruction of hazardous chemicals in the laboratory (Record no. 71652)
[ view plain ]
| 000 -LEADER | |
|---|---|
| fixed length control field | 02547nam a2200349 a 4500 |
| 082 04 - DEWEY DECIMAL CLASSIFICATION NUMBER | |
| Classification number | 660/.2804 |
| 100 1# - MAIN ENTRY--AUTHOR NAME | |
| Personal name | Lunn, George. |
| 245 10 - TITLE STATEMENT | |
| Title | Destruction of hazardous chemicals in the laboratory |
| 250 ## - EDITION STATEMENT | |
| Edition statement | 3rd ed. |
| 260 ## - PUBLICATION, DISTRIBUTION, ETC. (IMPRINT) | |
| Place of publication | Hoboken, N.J. : |
| Name of publisher | Wiley, |
| Year of publication | 2012. |
| 300 ## - PHYSICAL DESCRIPTION | |
| Number of Pages | xiii, 779 p. : |
| Other physical details | ill. |
| 520 ## - SUMMARY, ETC. | |
| Summary, etc | "The book describes practical procedures for the destruction of hazardous chemicals and biological agents in the laboratory in which they are used. The book is a continuation and expansion of "Destruction of Hazardous Chemicals in the Laboratory." It follows the same general approach as the first and second editions but includes a number of new chapters including one on using advanced oxidation techniques as a general means of degrading chemicals. All the monographs from the second edition are incorporated in this volume and are revised and extended as necessary. A number of new monographs describing procedures for the destruction of hazardous chemicals have also been added.The destruction of many pharmaceuticals is also described in this book. This subject has become of increasing importance with recent reports of the detection of pharmaceuticals in the water supply. Finally a new addition is the chapter "General Methods for the Destruction of Hazardous Chemicals in the Laboratory." This chapter describes recent advanced oxidation methods that should be generally applicable to all organic compounds. The methods use commonly available laboratory equipment and reagents"-- |
| 650 #0 - SUBJECT ADDED ENTRY--TOPICAL TERM | |
| Topical Term | Hazardous wastes |
| Topical Term | Chemical laboratories |
| 700 1# - ADDED ENTRY--PERSONAL NAME | |
| Personal name | Sansone, E. B. |
| 856 40 - ELECTRONIC LOCATION AND ACCESS | |
| Uniform Resource Identifier | http://site.ebrary.com/lib/rucke/Doc?id=10630634 |
| 520 ## - SUMMARY, ETC. | |
| -- | Provided by publisher. |
No items available.
